UBT Library

Shteti i së drejtës / (Record no. 1100)

000 -LEADER
fixed length control field 00508nam a22001937a 4500
008 - FIXED-LENGTH DATA ELEMENTS--GENERAL INFORMATION
fixed length control field 150708b xxu||||| |||| 00| 0 alb d
020 ## - INTERNATIONAL STANDARD BOOK NUMBER
International Standard Book Number 9992781807
041 0# - LANGUAGE CODE
Language code of text/sound track or separate title alb
080 ## - UNIVERSAL DECIMAL CLASSIFICATION NUMBER
Universal Decimal Classification number 342
Common auxiliary subdivision (496.5)
100 ## - Rafti
Rafti Omari, Luan ;
245 ## - TITLE STATEMENT
Title Shteti i së drejtës /
Statement of responsibility, etc Luan Omari.
260 ## -
-- Tiranë :
-- Akademia e Shkencave,
-- 2002.
300 ## -
-- 315 f. ;
-- 20 cm.
505 ## -
-- Bibliogr.- L.360, Pa tir.
650 #0 -
-- E drejta
650 #0 -
-- Shteti
650 #0 -
-- E drejta kushtetuese
942 ## - ADDED ENTRY ELEMENTS (KOHA)
Source of classification or shelving scheme
Item type Books
Holdings
Withdrawn status Lost status Source of classification or shelving scheme Damaged status Not for loan Collection code Permanent location Current location Shelving location Date acquired Total Checkouts Full call number Date last seen Price effective from Koha item type
          Koleksioni i përgjithshem UBT - Prishtine UBT - Prishtine Koleksioni i përgjithshem 07/08/2015   342 (496.5) OMA 07/08/2015 07/08/2015 Books
UBT Library © 2015-2024. All rights reserved University Education for Business and Technology